000 00432nam a22001817a 4500
003 OSt
005 20211112101023.0
008 211112b |||||||| |||| 00| 0 eng d
020 _a08017017-X
040 _cHAWASSA UNIVERSITY
050 _a636.2/DOD
_b3
082 _a636.2/DOD
_b3
100 _aDODSWORTH T.L.
_918049
245 _aBEEF PRODUCTION
260 _aNEW YORK
_bTORONTO
_c1972
300 _a90
942 _2ddc
_cBOOKS
_n0
999 _c17879
_d17879